000 00745nam a22002657a 4500
001 BR9301949
003 BR-BrBNA
005 20230928093932.0
007 ta
008 230509b bl.||||| |||| 00| 0 por d
040 _aBR-BrBNA
_bpor
_cBiblioteca Nacional de Agricultura
041 _a(Por)
072 _aA50
_b0312
_b9538
090 _ 0312 BR9301949
110 1 _aEmpresa Brasileira de Pesquisa Agropecuaria, Brasilia, DF (Brasil)
245 1 _aProjeto de implantacao do Programa Nacional de Pesquisa de Dende
260 3 _aBrasilia, DF (Brasil):
_c1979.
300 _a32 p.
500 _a7 tables
650 _aDende
650 _aOleo
650 _aPrograma de Pesquisa
909 _a202309
_bLucia
_c55
_dLucia Elande
942 _cBK
999 _c47995
_d47995